Programación didáctica de ESPA. Programaciones didácticas. Nivel I - Módulo II. Ámbito científico tecnológico (Record no. 64382)

MARC details
000 -LEADER
campo de control de longitud fija 00786nmm a2200205Ia 4500
008 - DATOS DE LONGITUD FIJA--INFORMACIÓN GENERAL
campo de control de longitud fija 251105s9999||||xx |||||||||||||||||und||
041 ## - CÓDIGO DE IDIOMA
Código de lengua del texto/banda sonora o título independiente spa
100 ## - ENTRADA PRINCIPAL--NOMBRE DE PERSONA
Nombre de persona Cuesta Mohedano, Juana
245 #0 - MENCIÓN DEL TÍTULO
Título Programación didáctica de ESPA. Programaciones didácticas. Nivel I - Módulo II. Ámbito científico tecnológico
264 ## - PRODUCCIÓN, PUBLICACIÓN, DISTRIBUCIÓN, FABRICACIÓN Y COPYRIGHT
Producción, publicación, distribución, fabricación y copyright [Madrid, España] :
Nombre del de productor, editor, distribuidor, fabricante Ministerio de Educación, Cultura y Deporte de España,
Fecha de producción, publicación, distribución, fabricación o copyright 2010
300 ## - DESCRIPCIÓN FÍSICA
Extensión 48 páginas
650 ## - PUNTO DE ACCESO ADICIONAL DE MATERIA--TÉRMINO DE MATERIA
Término de materia o nombre geográfico como elemento de entrada Education
700 ## - ENTRADA AGREGADA--NOMBRE PERSONAL
Nombre de persona Cuesta Mohedano, Juana
700 1# - ENTRADA AGREGADA--NOMBRE PERSONAL
Nombre de persona Díaz Tejero, Beatriz
700 1# - ENTRADA AGREGADA--NOMBRE PERSONAL
Nombre de persona Otras menciones: Romero Domínguez, Teresa (Coord.)
700 1# - ENTRADA AGREGADA--NOMBRE PERSONAL
Nombre de persona Terán Herranz, Elena (Dir. Coord.)
700 1# - ENTRADA AGREGADA--NOMBRE PERSONAL
Nombre de persona Sauras Jaime, Pedro José (Rev.)
856 ## - LOCALIZACIÓN Y ACCESO ELECTRÓNICOS
Identificador Uniforme de Recursos <a href="https://public.digitaliapublishing.com/a/14755">https://public.digitaliapublishing.com/a/14755</a>
942 ## - ELEMENTOS DE ENTRADA SECUNDARIOS (KOHA)
Tipo de ítem Koha Libro Digital

No items available.

Powered by Koha